000 00357nam a22001457a 4500
008 230405b |||||||| |||| 00| 0 eng d
020 _a978-1-84739-235-0
082 _a813.54
100 _aJavier Sierra
245 _aThe lady in blue
260 _bPocket Books,
_c2007
300 _a342 p.
_c18cm
942 _2ddc
999 _c9485
_d9486